Poprzednie kluby piłkarzy #1 - Statystyki

Ogólne statystyki
  • Ten quiz został rozwiązany 358 razy
  • Średni wynik to 8 z 15
Statystyki odpowiedzi
Zawodnik Klub, w którym gra lub grał Poprzedni klub % Poprawnych
Robert Lewandowski FC Barcelona Bayern Monachium
100%
Khvicha Kvaratskhelia Paris Saint-Germain SSC Napoli
80%
Cole Palmer Chelsea Londyn Manchester City
67%
Bruno Fernandes Manchester United Sporting Lizbona
67%
Arkadiusz Milik Juventus Turyn Olympique Marsylia
66%
Darwin Núñez FC Liverpool Benfica Lizbona
63%
Declan Rice Arsenal Londyn West Ham United
62%
Zinédine Zidane Real Madryt Juventus Turyn
60%
Krzysztof Piątek Hertha Berlin AC Milan
58%
Achraf Hakimi Paris Saint-Germain Inter Mediolan
57%
Josko Gvardiol RB Lipsk Dinamo Zagrzeb
46%
Luis Díaz FC Liverpool FC Porto
38%
Sadio Mané FC Liverpool Southampton
38%
Thierry Henry Arsenal Londyn Juventus Turyn
36%
Alessandro Bastoni Inter Mediolan Atalanta Bergamo
13%
Nie znaleziono quizów pasujących do podanych kryteriów
Rozkład punktacji
Procent ludzi z każdym wynikiem
Percentyl według liczby udzielonych odpowiedzi
Twoja historia wyników
Nie rozwiązałeś tego quizu